000
00279nam a2200121Ia 4500
100
_a
Cacoullos/ T.
942
_c
BK
654
_a
Exercises in Probability
245
_a
Exercises in Probability
260
_b
Narosa Pub House
_a
New Delhi
_c
1993
546
_a
ENGLISH
999
_c
22633
_d
22633